| 000 | 01535nam a2200469 i 4500 | ||
|---|---|---|---|
| 001 | 37043 | ||
| 003 | KOSZ 005 | ||
| 005 | 20220114120948.0 | ||
| 008 | 000614s2000 pl a f |001 0 pol | ||
| 015 | _aPB 2000/10852 | ||
| 020 | _a0130143278 | ||
| 020 | _a8388101153 | ||
| 035 | _a(OCoLC)749803815 | ||
| 040 |
_aWA N _cWA N _dKOSZ 005/HR |
||
| 041 | 1 |
_apol _heng |
|
| 046 | _k2000 | ||
| 080 | _a004.42 | ||
| 080 | _a004.738.52 | ||
| 080 | _a004.92 | ||
| 080 | _a(07) | ||
| 100 | 1 |
_aKyle, Lynn _eAutor |
|
| 245 | 1 | 0 |
_aFlash 4 : _bnarzędzie dla profesjonalistów tworzących animacje w Internecie / _cLynn Kyle ; [tł. Małgorzata Kietlińska]. |
| 246 | 1 |
_iTyt. oryg.: _aEssential Flash 4 for Web professionals, _f2000. |
|
| 260 |
_aWarszawa : _b"Lynx-SFT", _c[2000]. |
||
| 300 |
_aX, [2], 258 s. : _bil. ; _c24 cm. |
||
| 336 |
_2rdacontent _aTekst _btxt |
||
| 337 |
_2rdamedia _aBez urządzeni pośredniczącego _bn |
||
| 338 |
_2rdacarier _aWolumin _bnc |
||
| 380 | _aKsiążki | ||
| 388 | _a1901-2000 | ||
| 388 | _a1989-2000 | ||
| 504 | _aIndeks. | ||
| 650 | 4 | _aFlash (program komputerowy) | |
| 650 | 4 | _aProgramy graficzne | |
| 650 | 4 | _aProjektowanie stron WWW | |
| 650 | 4 | _aAnimacja komputerowa | |
| 655 | 4 | _aPodręcznik | |
| 658 | _aInformatyka i technologie informacyjne | ||
| 700 | 1 |
_aKietlińska, Małgorzata. _eTłumaczenie |
|
| 856 |
_uhttp://koha.tu.koszalin.pl/cgi-bin/koha/opac-detail.pl?biblionumber=37043 _yKatalog online BPK |
||
| 942 |
_2UKD _cKS |
||
| 999 |
_c37043 _d37043 |
||